| 000 | 00852nam a2200265Ia 4500 | ||
|---|---|---|---|
| 003 | OSt | ||
| 005 | 20220918171321.0 | ||
| 006 | a|||||r|||| 00| 0 | ||
| 007 | ta | ||
| 008 | 220917b |||||||| |||| 00| 0 eng d | ||
| 020 |
_a9781474437387 (pbk) _cUKP 24.99 |
||
| 024 | _a349,263 | ||
| 037 |
_b57183, 07/02/2019, Segment Book Distributors _cTextual |
||
| 040 |
_aARTS _cARTS _beng |
||
| 041 |
_2eng _aeng |
||
| 082 | _aR3xK32:g, Q8 | ||
| 100 |
_aMontag Warren Ed. _935734 |
||
| 245 | 0 | _aBalibar and the citizen subject | |
| 260 |
_aEdinburgh _bEdinburgh University Press _c2018 |
||
| 300 |
_avi,345p. _ccm. |
||
| 650 | _aPHILOSOPHERS | ||
| 700 |
_a Elsayed Hanan Ed. _935735 |
||
| 942 |
_hR3xK32:g, Q8 _cTEXL _2CC |
||
| 999 |
_c138999 _d138999 |
||